[Event "Spanish High"]
[Site "SchemingMind.com"]
[Date "2007.03.15"]
[Round "-"]
[White "dvella"]
[Black "doodledandy"]
[Result "0-1"]
[WhiteCountry "MLT"]
[BlackCountry "CAN"]
[WhiteElo "2067"]
[WhiteRD "90"]
[BlackElo "2469"]
[BlackRD "80"]
[GameID "96458"]

1. e4 e5 2. Nf3 Nc6 3. Bb5 a6 4. Ba4 Nf6 5. O-O Be7 6. Re1 b5 7. Bb3 O-O 8. c3 d6 9. h3 Na5 10. Bc2 c5
11. d4 Qc7 12. Nbd2 cxd4 13. cxd4 Bb7 14. d5 Rac8 15. Bd3 Nh5 16. Nf1 g6 17. Bh6 Rfe8 18. Rc1 Qb6 19. Be3 Qd8 20. Qd2 Nc4
21. Bxc4 Rxc4 22. Rxc4 bxc4 23. Qb4 Qd7 24. Rc1 f5 25. exf5 gxf5 26. Qxc4 f4 27. Bd2 Nf6 28. N1h2 Rc8 29. Qe2 Rxc1+ 30. Bxc1 Qc7
31. Bd2 Qc2 32. Nxe5 dxe5 33. Qxe5 Qxd2 34. Qxe7 Qd1+ 35. Nf1 Qxd5 36. f3 Qd4+ 37. Kh1 Qxb2 38. Qd8+ Kf7 39. Qc7+ Ke6 40. Qxf4 Qxa2
41. Ng3 Qa1+ 42. Kh2 Qe5 43. Qa4 Qc7 44. Qb3+ Bd5 45. Qe3+ Kf7 46. Qd3 Qf4 47. Qxa6 h5
0-1

[Event "Spanish High"]
[Site "SchemingMind.com"]
[Date "2007.03.15"]
[Round "-"]
[White "doodledandy"]
[Black "dvella"]
[Result "1-0"]
[WhiteCountry "CAN"]
[BlackCountry "MLT"]
[WhiteElo "2483"]
[WhiteRD "82"]
[BlackElo "2077"]
[BlackRD "89"]
[GameID "96459"]

1. e4 e5 2. Nf3 Nc6 3. Bb5 a6 4. Ba4 Nf6 5. O-O Nxe4 6. d4 b5 7. Bb3 d5 8. dxe5 Be6 9. Nbd2 Bc5 10. Qe2 Nxd2
11. Bxd2 O-O 12. Rad1 Ne7 13. c3 Qd7 14. Be3 Bxe3 15. Qxe3 c6 16. Rfe1 Bg4 17. Bc2 Ng6 18. Rd2 Bxf3 19. Qxf3 Rae8 20. Rde2 Re7
21. g3 Qc7 22. Qd3 Rfe8 23. f4 Qd7 24. a4 Qg4 25. Qd4 Nh4 26. Rf2 Nf3+ 27. Rxf3 Qxf3 28. Bd1
1-0

[Event "Spanish High"]
[Site "SchemingMind.com"]
[Date "2007.03.22"]
[Round "-"]
[White "demiurg"]
[Black "dvella"]
[Result "1-0"]
[WhiteCountry "HUN"]
[BlackCountry "MLT"]
[WhiteElo "2358"]
[WhiteRD "69"]
[BlackElo "2067"]
[BlackRD "90"]
[GameID "97578"]

1. e4 e5 2. Nf3 Nc6 3. Bb5 a6 4. Ba4 Nf6 5. Qe2 Be7 6. O-O d6 7. c3 O-O 8. d4 b5 9. Bc2 Bb7 10. d5 Nb8
11. b3 Nbd7 12. c4 bxc4 13. bxc4 c6 14. Nc3 cxd5 15. Nxd5 Nxd5 16. cxd5 f5 17. exf5 Bxd5 18. Rd1 Bf7 19. Be4 Rc8 20. Ba3 Bc4
21. Qe3 d5 22. Bxd5+ Bxd5 23. Rxd5 Bxa3 24. Qxa3 Qc7 25. Rad1 Nb6 26. Rxe5 Nc4 27. Qb3 Rb8 28. Qc3 Qf7 29. Ng5 Qc7 30. Re4 Rfc8
31. Rxc4
1-0

[Event "Spanish High"]
[Site "SchemingMind.com"]
[Date "2007.03.22"]
[Round "-"]
[White "demiurg"]
[Black "doodledandy"]
[Result "1/2-1/2"]
[WhiteCountry "HUN"]
[BlackCountry "CAN"]
[WhiteElo "2358"]
[WhiteRD "69"]
[BlackElo "2469"]
[BlackRD "80"]
[GameID "97579"]

1. e4 e5 2. Nf3 Nc6 3. Bb5 a6 4. Ba4 Nf6 5. Qe2 b5 6. Bb3 Bc5 7. d3 d6 8. c3 Bb7 9. O-O O-O 10. h3 Ne7
11. a4 Ng6 12. Be3 Bxe3 13. Qxe3 Qd7 14. Nbd2 c5 15. Rfd1 h6 16. Nf1 c4 17. Ba2 cxd3 18. Ng3 Rfd8 19. Ne1 d5 20. Nxd3 dxe4
21. Nc5 Qc7 22. Rxd8+ Rxd8 23. axb5 axb5 24. Nxb7 Qxb7 25. Bb3 Ra8 26. Rd1 Nf4 27. Nf5 Qa7 28. Rd8+ Kh7 29. Rxa8 Qxa8 30. Bxf7 g6
31. Nh4 g5 32. Qb6 Ne2+ 33. Kh2 Qa1 34. Bg6+ Kg7 35. Qb7+ Kh8 36. Qb8+ Kg7 37. Qb7+=
1/2-1/2

[Event "Spanish High"]
[Site "SchemingMind.com"]
[Date "2007.03.22"]
[Round "-"]
[White "dvella"]
[Black "demiurg"]
[Result "0-1"]
[WhiteCountry "MLT"]
[BlackCountry "HUN"]
[WhiteElo "2077"]
[WhiteRD "89"]
[BlackElo "2382"]
[BlackRD "72"]
[GameID "97580"]

1. e4 e5 2. Nf3 Nc6 3. Bb5 a6 4. Ba4 Nf6 5. O-O Be7 6. Re1 b5 7. Bb3 O-O 8. c3 d5 9. exd5 Nxd5 10. Nxe5 Nxe5
11. Rxe5 c6 12. d4 Bd6 13. Re1 Qh4 14. g3 Qh3 15. Re4 g5 16. Qf3 Bf5 17. Bc2 Bxe4 18. Bxe4 Qe6 19. Bxg5 f5 20. Bd3 f4
21. Qe4 Qd7 22. Nd2 Rae8 23. Qg2 Qg4 24. Bh4 f3 25. Qf1 Nf4 26. h3 Nxh3+ 27. Kh2 Nxf2
0-1

[Event "Spanish High"]
[Site "SchemingMind.com"]
[Date "2007.03.22"]
[Round "-"]
[White "doodledandy"]
[Black "demiurg"]
[Result "1/2-1/2"]
[WhiteCountry "CAN"]
[BlackCountry "HUN"]
[WhiteElo "2471"]
[WhiteRD "81"]
[BlackElo "2360"]
[BlackRD "67"]
[GameID "97581"]

1. e4 e5 2. Nf3 Nc6 3. Bb5 a6 4. Ba4 Nf6 5. O-O Be7 6. Re1 b5 7. Bb3 O-O 8. c3 d5 9. exd5 Nxd5 10. Nxe5 Nxe5
11. Rxe5 c6 12. Bxd5 cxd5 13. d4 Bd6 14. Re3 Qh4 15. h3 Qf4 16. Re5 Qf6 17. Re1 Qg6 18. Qf3 Be6 19. Be3 Qc2 20. Qe2 Qg6
21. Kh1 Rfc8 22. a3 Re8 23. Nd2 Qc2 24. Nf1 Qxe2 25. Rxe2 Bf5 26. Ree1 f6 27. Bd2 Kf7 28. Ne3 Be6 29. g3 g5 30. Kg2 h5
31. a4 Bd7 32. h4 bxa4 33. hxg5 fxg5 34. c4 Rab8 35. cxd5 Rec8 36. Rec1 h4 37. Rxc8 Rxc8 38. Rc1 Rxc1 39. Bxc1 h3+ 40. Kh2 g4
41. Nc4 Bf8 42. Ne5+ Ke7 43. Bd2 Ke8 44. f3 gxf3 45. Nxf3 a3 46. bxa3 Bxa3 47. Ne5 Bb2 48. g4 Bxd4 49. Nc6 Bf6 50. Kxh3 Bc8
51. Kg3 Bb7 52. g5 Bxg5 53. Bxg5 Kd7 54. Na5 Bxd5=
1/2-1/2

[Event "Spanish High"]
[Site "SchemingMind.com"]
[Date "2007.03.23"]
[Round "-"]
[White "Coloplast"]
[Black "dvella"]
[Result "1/2-1/2"]
[WhiteCountry "SWE"]
[BlackCountry "MLT"]
[WhiteElo "1961"]
[WhiteRD "73"]
[BlackElo "2072"]
[BlackRD "89"]
[GameID "97694"]

1. e4 e5 2. Nf3 Nc6 3. Bb5 a6 4. Ba4 Nf6 5. O-O Nxe4 6. d4 b5 7. Bb3 d5 8. Nxe5 Nxe5 9. dxe5 c6 10. Be3 Be7
11. c3 O-O 12. Nd2 Nxd2 13. Qxd2 Bf5 14. a4 Qc7 15. f4 f6 16. axb5 axb5 17. exf6 Rxa1 18. Rxa1 Rxf6 19. Ra8+ Bf8 20. Bc5 Bc8
21. Bxf8 Rxf8 22. g3 Qb7 23. Ra1 Re8 24. Re1 Qf7=
1/2-1/2

[Event "Spanish High"]
[Site "SchemingMind.com"]
[Date "2007.03.23"]
[Round "-"]
[White "Coloplast"]
[Black "doodledandy"]
[Result "0-1"]
[WhiteCountry "SWE"]
[BlackCountry "CAN"]
[WhiteElo "1961"]
[WhiteRD "73"]
[BlackElo "2481"]
[BlackRD "83"]
[GameID "97695"]

1. e4 e5 2. Nf3 Nc6 3. Bb5 a6 4. Ba4 Nf6 5. O-O Be7 6. d4 exd4 7. Re1 b5 8. Bb3 d6 9. Bf4 O-O 10. Nxd4 Nxd4
11. Qxd4 c5 12. Qc3 c4 13. Bxc4 bxc4
0-1

[Event "Spanish High"]
[Site "SchemingMind.com"]
[Date "2007.03.22"]
[Round "-"]
[White "Coloplast"]
[Black "demiurg"]
[Result "0-1"]
[WhiteCountry "SWE"]
[BlackCountry "HUN"]
[WhiteElo "1928"]
[WhiteRD "70"]
[BlackElo "2360"]
[BlackRD "67"]
[GameID "97696"]

1. e4 e5 2. Nf3 Nc6 3. Bb5 a6 4. Ba4 Nf6 5. Nc3 b5 6. Bb3 Be7 7. d3 d6 8. O-O O-O 9. a3 Bg4 10. h3 Bxf3
11. Qxf3 Nd4 12. Qd1 Nxb3 13. cxb3 Qd7 14. Be3 d5 15. exd5 Nxd5 16. Nxd5 Qxd5 17. d4 e4 18. b4 Bd6 19. Rc1 f5 20. f4 a5
21. bxa5 Rxa5 22. Rf2 Rb8 23. Rfc2 b4 24. axb4 Rxb4 25. Qd2 Rab5 26. Kf2 Qa2 27. g4 Rxb2 28. gxf5 Rxc2 29. Rxc2 Qf7 30. Rc1 Rxf5
31. Kg3 g5 32. Rf1 gxf4+ 33. Bxf4 Qg6+ 34. Kh2 Rxf4
0-1

[Event "Spanish High"]
[Site "SchemingMind.com"]
[Date "2007.03.23"]
[Round "-"]
[White "doodledandy"]
[Black "Coloplast"]
[Result "1-0"]
[WhiteCountry "CAN"]
[BlackCountry "SWE"]
[WhiteElo "2483"]
[WhiteRD "82"]
[BlackElo "2012"]
[BlackRD "70"]
[GameID "97698"]

1. e4 e5 2. Nf3 Nc6 3. Bb5 a6 4. Ba4 Nf6 5. O-O b5 6. Bb3 Bb7 7. d3 d6 8. Ng5 Nd4 9. Nxf7 Qe7 10. Nxh8 Nxb3
11. axb3 g6 12. Bg5 Bg7 13. Nxg6 hxg6 14. Nc3 Qe6 15. f4 exf4 16. Rxf4 Nh5 17. Rf1 Bd4+ 18. Kh1 Kd7 19. Qf3 Re8 20. Qf7+ Kc6
21. Nd5 Bb6 22. Nb4+ Kc5 23. Qf2+ Kxb4 24. Bd2#
1-0

[Event "Spanish High"]
[Site "SchemingMind.com"]
[Date "2007.03.22"]
[Round "-"]
[White "demiurg"]
[Black "Coloplast"]
[Result "1-0"]
[WhiteCountry "HUN"]
[BlackCountry "SWE"]
[WhiteElo "2363"]
[WhiteRD "69"]
[BlackElo "1881"]
[BlackRD "72"]
[GameID "97699"]

1. e4 e5 2. Nf3 Nc6 3. Bb5 a6 4. Ba4 Nf6 5. Qe2 Be7 6. O-O d6 7. c3 O-O 8. d4 exd4 9. cxd4 b5 10. Bb3 Bb7
11. e5 dxe5 12. dxe5 Nd7 13. Rd1 Qe8 14. e6 Nc5 15. exf7+ Rxf7 16. Bxf7+ Qxf7 17. Nc3 Re8 18. Be3 Bd6 19. Qd2 Ne5 20. Nxe5 Rxe5
21. Bf4 Qg6 22. f3 Re6 23. Bxd6 Rxd6 24. Qe3 Nd3 25. Rd2 c5 26. Qe7 Ba8 27. Qc7 Bc6 28. Qc8+ Kf7 29. Qxa6 b4 30. Ne4 Bxe4
31. Qc4+ Qe6 32. Qxe6+ Kxe6 33. fxe4 Ke5 34. Rad1 c4 35. b3
1-0

[Event "Spanish High"]
[Site "SchemingMind.com"]
[Date "2007.03.23"]
[Round "-"]
[White "Glenn119"]
[Black "dvella"]
[Result "0-1"]
[WhiteCountry "USA"]
[BlackCountry "MLT"]
[WhiteElo "1689"]
[WhiteRD "60"]
[BlackElo "2077"]
[BlackRD "89"]
[GameID "97833"]

1. e4 e5 2. Nf3 Nc6 3. Bb5 a6 4. Ba4 Nf6 5. d3 d6 6. O-O g6 7. Be3 Bg7 8. c4 O-O 9. Nc3 Ne7 10. a3 Ng4
11. Bd2 f5 12. Bb3 c5 13. Qe2 f4 14. Ba4 Nh6 15. b4 Kh8 16. Rfb1 Nf7 17. Rb2 g5 18. h3 h5 19. Nh2 g4 20. hxg4 hxg4
21. Nxg4 Ng5 22. Nh2 f3 23. Qd1 Ng6 24. g3 Nf4 25. Rc2 Ngh3+ 26. Kf1 cxb4 27. axb4 Nxd3 28. Be3 Nxb4 29. Rb2 a5 30. Rd2 Be6
31. Bb5 Qc7 32. Rc1 Bxc4+ 33. Ke1 Qf7 34. Bxc4 Qxc4 35. Nxf3 Rfd8
0-1

[Event "Spanish High"]
[Site "SchemingMind.com"]
[Date "2007.03.23"]
[Round "-"]
[White "Glenn119"]
[Black "doodledandy"]
[Result "0-1"]
[WhiteCountry "USA"]
[BlackCountry "CAN"]
[WhiteElo "1689"]
[WhiteRD "60"]
[BlackElo "2483"]
[BlackRD "82"]
[GameID "97834"]

1. e4 e5 2. Nf3 Nc6 3. Bb5 a6 4. Ba4 Nf6 5. Bb3 Nxe4 6. Nc3 Nxc3 7. dxc3 h6 8. Be3 d6 9. O-O Bf5 10. Nd2 d5
11. f4 exf4 12. Bxf4 Be6 13. Nf3 Bc5+ 14. Kh1 O-O 15. Nd4 Qd7 16. Qd3 Rae8 17. Nxc6 bxc6 18. Qxa6 Bf5 19. Rae1 Be4 20. Ba4 Bb6
21. Qe2 g5 22. Bc1 f5 23. Qh5 Kg7 24. Qh3 Qd6 25. Bd2 f4 26. Qg4 Re5 27. c4 dxc4 28. Bc3 Bd4 29. Qh3 Kg6 30. Rd1 c5
31. Bxd4 cxd4 32. Qd7 Qxd7 33. Bxd7 Rd8 34. Rxd4 Bd5 35. Rxd5 Rxd5 36. Bc6 Rd2 37. b4 Kf5 38. a4 Rxc2 39. a5 c3 40. h3 Ra2
0-1

[Event "Spanish High"]
[Site "SchemingMind.com"]
[Date "2007.03.23"]
[Round "-"]
[White "Glenn119"]
[Black "Coloplast"]
[Result "0-1"]
[WhiteCountry "USA"]
[BlackCountry "SWE"]
[WhiteElo "1689"]
[WhiteRD "60"]
[BlackElo "2012"]
[BlackRD "70"]
[GameID "97835"]

1. e4 e5 2. Nf3 Nc6 3. Bb5 a6 4. Ba4 Nf6 5. d3 b5 6. Bb3 Bb7 7. O-O Be7 8. Nc3 O-O 9. Re1 d6 10. a3 Nd4
11. Nxd4 exd4 12. Ne2 c5 13. Ng3 Nd7 14. Nf5 Nf6 15. Ng3 d5 16. e5 Nd7 17. Qg4 c4 18. Bh6 g6 19. Bxf8 Nxf8 20. Ba2 Ne6
21. Nf5 Bc5 22. Qg3 Kf8 23. Nd6 Bc6 24. Rac1 Ra7 25. dxc4 dxc4 26. Rcd1 Rd7 27. b3 Bd5 28. Ne4 Be7 29. bxc4 bxc4
0-1

[Event "Spanish High"]
[Site "SchemingMind.com"]
[Date "2007.03.23"]
[Round "-"]
[White "Glenn119"]
[Black "demiurg"]
[Result "0-1"]
[WhiteCountry "USA"]
[BlackCountry "HUN"]
[WhiteElo "2142"]
[WhiteRD "87"]
[BlackElo "2356"]
[BlackRD "72"]
[GameID "97836"]

1. e4 e5 2. Nf3 Nc6 3. Bb5 a6 4. Ba4 Nf6 5. d4 exd4 6. Bxc6 dxc6 7. Qxd4 Qxd4 8. Nxd4 Nxe4 9. O-O c5 10. Nf3 Bf5
11. Re1 O-O-O 12. Na3 Be7 13. Ne5 Rde8 14. Nac4 Bf6 15. Bf4 g5 16. g4 Bg6 17. Nxg6 hxg6 18. Bc1 b5 19. f3 bxc4 20. Rxe4 Rxe4
21. fxe4 Rh4 22. h3 Rxh3 23. Kg2 Rh4 24. Kf3 Rh1 25. Kg2 Rd1 26. Kf2 Be5 27. Ke2 Rh1 28. a4 Bf4 29. Bxf4 Rxa1 30. Bxg5 Rxa4
31. Bf6 c3 32. Bxc3 Rxe4+ 33. Kf3 Rc4 34. g5 Rxc3+ 35. bxc3 a5 36. Ke2= Kd7 37. Kd2 Ke6 38. Kd3 a4 39. c4 f5 40. gxf6 g5
41. f7 Kxf7 42. Kc3 g4 43. Kb2 g3 44. Ka3 g2 45. Kxa4 g1=Q 46. Kb5 Qb1+ 47. Kxc5 Ke6 48. Kc6 Qb6#
0-1

[Event "Spanish High"]
[Site "SchemingMind.com"]
[Date "2007.03.23"]
[Round "-"]
[White "dvella"]
[Black "Glenn119"]
[Result "1/2-1/2"]
[WhiteCountry "MLT"]
[BlackCountry "USA"]
[WhiteElo "2072"]
[WhiteRD "89"]
[BlackElo "2142"]
[BlackRD "87"]
[GameID "97837"]

1. e4 e5 2. Nf3 Nc6 3. Bb5 a6 4. Ba4 Nf6 5. O-O b5 6. Bb3 Nxe4 7. d4 exd4 8. Re1 d5 9. Nc3 Be6 10. Nxe4 dxe4
11. Rxe4 Be7 12. Bxe6 fxe6 13. Nxd4 O-O 14. Qg4 Nxd4 15. Rxd4 Qc8 16. Re4 e5 17. Qxc8 Raxc8 18. Rxe5 Bf6 19. Re1 Bd4 20. Be3 Bxb2
21. Rad1 Rfd8 22. Bf4=
1/2-1/2

[Event "Spanish High"]
[Site "SchemingMind.com"]
[Date "2007.03.23"]
[Round "-"]
[White "doodledandy"]
[Black "Glenn119"]
[Result "1-0"]
[WhiteCountry "CAN"]
[BlackCountry "USA"]
[WhiteElo "2483"]
[WhiteRD "82"]
[BlackElo "1689"]
[BlackRD "60"]
[GameID "97838"]

1. e4 e5 2. Nf3 Nc6 3. Bb5 a6 4. Ba4 Nf6 5. O-O b5 6. Bb3 Bb7 7. d3 Bc5 8. a4 O-O 9. Nc3 Nd4 10. Nxe5 Nxb3
11. cxb3 b4 12. Ne2 d5 13. d4 Ba7 14. Bg5 dxe4 15. Ng4 Qd6 16. Bxf6 gxf6 17. Qd2 Bc8 18. Nh6+ Kh8 19. f3 exf3 20. Rxf3 Bb7
21. Rg3 Qe6 22. Rc1 Bb6 23. a5 Bxa5 24. Nf4 Qd7 25. Nh5 Bb6 26. Kh1 Rae8 27. Nxf6 Qe6 28. Rf1 Be4 29. d5 Qe7 30. d6 cxd6
31. Nxe4 f6 32. Nxd6 Bf2 33. Rg8+ Rxg8 34. Nhf7+ Qxf7 35. Nxf7+ Kg7 36. Qxf2 Re6 37. Ng5 Rge8 38. Nxe6+ Rxe6 39. Qf5 Kf7 40. Qxh7+ Kf8
41. Qd7 Rc6 42. Re1
1-0

[Event "Spanish High"]
[Site "SchemingMind.com"]
[Date "2007.03.23"]
[Round "-"]
[White "Coloplast"]
[Black "Glenn119"]
[Result "1-0"]
[WhiteCountry "SWE"]
[BlackCountry "USA"]
[WhiteElo "2012"]
[WhiteRD "70"]
[BlackElo "1689"]
[BlackRD "60"]
[GameID "97839"]

1. e4 e5 2. Nf3 Nc6 3. Bb5 a6 4. Ba4 b5 5. Bb3 Bb7 6. d3 Na5 7. O-O Nxb3 8. axb3 d6 9. Nc3 Nf6 10. Bg5 Be7
11. Qd2 c5 12. Bxf6 Bxf6 13. Nd5 Bxd5 14. exd5 O-O 15. c4 bxc4 16. bxc4 Qb6 17. Ra2 e4 18. dxe4 Qb3 19. Rfa1 Qxc4 20. Qe3 Qb5
21. h3 a5 22. Rb1 a4 23. g4 Rfb8 24. g5 Bxb2 25. Rbxb2 Qxb2 26. Rxb2 Rxb2 27. Qa3
1-0

[Event "Spanish High"]
[Site "SchemingMind.com"]
[Date "2007.03.23"]
[Round "-"]
[White "demiurg"]
[Black "Glenn119"]
[Result "1-0"]
[WhiteCountry "HUN"]
[BlackCountry "USA"]
[WhiteElo "2382"]
[WhiteRD "72"]
[BlackElo "1689"]
[BlackRD "60"]
[GameID "97840"]

1. e4 e5 2. Nf3 Nc6 3. Bb5 a6 4. Ba4 b5 5. Bb3 Bd6 6. O-O Nf6 7. c3 Bb7 8. d4 O-O 9. Nbd2 Qe7 10. Re1 Rfe8
11. Ng5 exd4 12. Bxf7+ Kf8 13. Bxe8 dxc3 14. Ndf3 Qxe8 15. bxc3 h6 16. e5 Nxe5 17. Nxe5 hxg5 18. Nc4 Be7 19. Na5 Bd5 20. Bxg5 Qf7
21. Qd2 Re8 22. Nb3 Ne4 23. Bxe7+ Rxe7 24. Qd4 d6 25. f3 c5 26. Qe3 Nf6 27. Qxe7+ Qxe7 28. Rxe7 Kxe7 29. Re1+ Kd7 30. Kf2 Bc4
31. g4 Nd5 32. Rc1 g5 33. Rc2 Bd3 34. Rd2 Bc4 35. Na5
1-0

[Event "Spanish High"]
[Site "SchemingMind.com"]
[Date "2007.03.26"]
[Round "-"]
[White "dmichael"]
[Black "dvella"]
[Result "1-0"]
[WhiteCountry "USA"]
[BlackCountry "MLT"]
[WhiteElo "2360"]
[WhiteRD "71"]
[BlackElo "2077"]
[BlackRD "89"]
[GameID "97947"]

1. e4 e5 2. Nf3 Nc6 3. Bb5 a6 4. Ba4 Nf6 5. O-O Nxe4 6. d4 b5 7. Bb3 d5 8. dxe5 Be6 9. Nbd2 Nxd2 10. Qxd2 Bc5
11. Qc3 Qe7 12. Bg5 Qf8 13. Be3 d4 14. Bxd4 Nxd4 15. Nxd4 Bxb3 16. Nxb3 Bb6 17. a4 O-O-O 18. axb5 axb5 19. Qc6
1-0

[Event "Spanish High"]
[Site "SchemingMind.com"]
[Date "2007.03.26"]
[Round "-"]
[White "dmichael"]
[Black "doodledandy"]
[Result "1/2-1/2"]
[WhiteCountry "USA"]
[BlackCountry "CAN"]
[WhiteElo "2400"]
[WhiteRD "65"]
[BlackElo "2469"]
[BlackRD "80"]
[GameID "97948"]

1. e4 e5 2. Nf3 Nc6 3. Bb5 a6 4. Ba4 Nf6 5. O-O Be7 6. Re1 b5 7. Bb3 O-O 8. h3 Bb7 9. d3 d6 10. a3 Nb8
11. Nbd2 Re8 12. Nf1 Bf8 13. Ng3 Nbd7 14. Ng5 d5 15. exd5 Nc5 16. c4 c6 17. dxc6 Bxc6 18. Bc2 bxc4 19. dxc4 h6 20. Nf3 Qc7
21. Be3 Rad8 22. Qb1 Ne6 23. Nd2 Bc5 24. Nde4 Bxe4 25. Nxe4 Nxe4 26. Bxe4 Bxe3 27. Rxe3 Qxc4 28. Bd3 Qc6 29. Qf1 Nf4 30. Bxa6 Re6
31. Be2 Rg6 32. g3 Qb6 33. b4 Rd2 34. Bg4 h5 35. Bf5 Rg5 36. Rd1 Rxd1 37. Qxd1 Rxf5 38. gxf4 exf4 39. Re8+ Kh7 40. Qf3 Rg5+
41. Kh2 Qd6 42. Re4 Kh6 43. Rc4 g6 44. Rc5 Rxc5 45. bxc5 Qxc5 46. Qxf4+ Kg7 47. a4 f6 48. Qd2 Qe5+ 49. f4 Qe6=
1/2-1/2

[Event "Spanish High"]
[Site "SchemingMind.com"]
[Date "2007.03.26"]
[Round "-"]
[White "dmichael"]
[Black "Coloplast"]
[Result "1-0"]
[WhiteCountry "USA"]
[BlackCountry "SWE"]
[WhiteElo "2360"]
[WhiteRD "71"]
[BlackElo "2012"]
[BlackRD "70"]
[GameID "97949"]

1. e4 e5 2. Nf3 Nc6 3. Bb5 a6 4. Ba4 b5 5. Bb3 Nf6 6. d4 exd4 7. O-O Be7 8. e5 Ne4 9. Bd5 f5 10. Nxd4 Bb7
11. Nxf5 Ng5 12. Bxg5 Bxg5 13. f4 Be7 14. Qh5+ g6 15. Ng7+ Kf8 16. Qh6 Bc5+ 17. Kh1 Qc8 18. f5 Nxe5 19. fxg6+ Ke7 20. Nf5+ Kd8
21. Qh4+ Ke8 22. Ng7#
1-0

[Event "Spanish High"]
[Site "SchemingMind.com"]
[Date "2007.03.26"]
[Round "-"]
[White "dmichael"]
[Black "demiurg"]
[Result "1-0"]
[WhiteCountry "USA"]
[BlackCountry "HUN"]
[WhiteElo "2400"]
[WhiteRD "65"]
[BlackElo "2358"]
[BlackRD "69"]
[GameID "97950"]

1. e4 e5 2. Nf3 Nc6 3. Bb5 a6 4. Ba4 Nf6 5. O-O Be7 6. Re1 b5 7. Bb3 O-O 8. a4 Bb7 9. d3 b4 10. Nbd2 Re8
11. Nc4 Bc5 12. Bg5 h6 13. Bh4 d6 14. Ne3 Na5 15. Ba2 Bc8 16. Nd5 g5 17. Nxg5 Nxd5 18. Qh5 Bxf2+ 19. Kh1 Qf6 20. Bxd5 Be6
21. Bxe6 fxe6 22. Rf1
1-0

[Event "Spanish High"]
[Site "SchemingMind.com"]
[Date "2007.03.26"]
[Round "-"]
[White "dmichael"]
[Black "Glenn119"]
[Result "1-0"]
[WhiteCountry "USA"]
[BlackCountry "USA"]
[WhiteElo "2360"]
[WhiteRD "71"]
[BlackElo "1689"]
[BlackRD "60"]
[GameID "97951"]

1. e4 e5 2. Nf3 Nc6 3. Bb5 a6 4. Ba4 b5 5. Bb3 Bb7 6. O-O Bd6 7. c3 Nf6 8. Re1 O-O 9. d4 h6 10. a4 Re8
11. Nbd2 Bf8 12. Nf1 d5 13. axb5 axb5 14. Rxa8 Qxa8 15. exd5 Na5 16. Rxe5 Nxb3 17. Qxb3 Bxd5 18. Qxb5 Rb8 19. Qe2 Bd6 20. Rf5 Qa1
21. Qd2 Qb1 22. Ne3 Ra8 23. Rxf6 Ra1 24. Kf1 Qxc1+ 25. Qxc1 Rxc1+ 26. Ke2 gxf6 27. Nxd5 Rc2+ 28. Ke3 Kg7 29. h3
1-0

[Event "Spanish High"]
[Site "SchemingMind.com"]
[Date "2007.03.26"]
[Round "-"]
[White "dvella"]
[Black "dmichael"]
[Result "0-1"]
[WhiteCountry "MLT"]
[BlackCountry "USA"]
[WhiteElo "2067"]
[WhiteRD "90"]
[BlackElo "2400"]
[BlackRD "65"]
[GameID "97952"]

1. e4 e5 2. Nf3 Nc6 3. Bb5 a6 4. Ba4 Nf6 5. O-O Be7 6. Re1 b5 7. Bb3 d6 8. c3 O-O 9. h3 Bb7 10. d4 Re8
11. Nbd2 Bf8 12. Ng5 Re7 13. d5 Nb8 14. Nf1 h6 15. Nf3 c6 16. Ne3 Re8 17. Nh4 Nxe4 18. Nef5 Nf6 19. dxc6 Nxc6 20. Ng6 Qd7
21. g4 Ne7 22. Nxf8 Qc6 23. Nxe7+ Rxe7 24. f3 Rxf8 25. Re3 Qc5 26. Kh2 Nd5 27. Rd3 Qf2+ 28. Kh1 e4 29. Rd2 Qh4 30. Kh2 Ne3
31. Qg1 exf3 32. Rf2 Nxg4+
0-1

[Event "Spanish High"]
[Site "SchemingMind.com"]
[Date "2007.03.27"]
[Round "-"]
[White "doodledandy"]
[Black "dmichael"]
[Result "1/2-1/2"]
[WhiteCountry "CAN"]
[BlackCountry "USA"]
[WhiteElo "2469"]
[WhiteRD "80"]
[BlackElo "2400"]
[BlackRD "65"]
[GameID "97953"]

1. e4 e5 2. Nf3 Nc6 3. Bb5 a6 4. Ba4 Nf6 5. O-O Be7 6. Bxc6 dxc6 7. Qe1 c5 8. Nxe5 Qd4 9. Nf3 Qxe4 10. Qxe4 Nxe4
11. Re1 Nf6 12. d3 h6 13. Bf4 Nd5 14. Bg3 Be6 15. a3 Bf6 16. Be5 O-O-O 17. Nbd2 Bxe5 18. Rxe5 Rhe8 19. Rae1 b6 20. h3 Ne7
21. Kh2 Nc6 22. R5e3 Nd4 23. Nxd4 cxd4 24. Re4 c5 25. Nc4 Kb7 26. Kg3 Rf8 27. b3 b5 28. Nd2 Kc6 29. Nf3 a5 30. Nh4 Bd5
31. Re7 Be6 32. Ng6 Rfe8 33. Rxe8 Rxe8 34. Nf4 g6 35. Nxe6 Kd6 36. Kg4 Rxe6 37. Rxe6+ Kxe6 38. f4 f5+ 39. Kf3 Kf7 40. Ke2 Kf6
41. a4 b4 42. Kd1 g5 43. fxg5+ hxg5 44. g3 Ke5=
1/2-1/2

[Event "Spanish High"]
[Site "SchemingMind.com"]
[Date "2007.03.26"]
[Round "-"]
[White "Coloplast"]
[Black "dmichael"]
[Result "0-1"]
[WhiteCountry "SWE"]
[BlackCountry "USA"]
[WhiteElo "1916"]
[WhiteRD "70"]
[BlackElo "2400"]
[BlackRD "65"]
[GameID "97954"]

1. e4 e5 2. Nf3 Nc6 3. Bb5 a6 4. Ba4 Nf6 5. O-O Be7 6. Nc3 b5 7. Bb3 d6 8. d3 Na5 9. Bg5 c6 10. Ne2 h6
11. Bxf6 Bxf6 12. c4 O-O 13. a4 Rb8 14. axb5 axb5 15. Qc2 Nxb3 16. Qxb3 Be6 17. Qc2 bxc4 18. dxc4 Qb6 19. Rfb1 Qb3 20. Qxb3 Rxb3
21. c5 dxc5 22. Ra5 Rb5 23. Ra6 Rfb8 24. h3 Rxb2 25. Rxb2 Rxb2 26. Nc3 Rc2 27. Na4 Rc4 28. Nb2 Rxe4 29. Rxc6 Re2 30. Na4 e4
0-1

[Event "Spanish High"]
[Site "SchemingMind.com"]
[Date "2007.03.26"]
[Round "-"]
[White "demiurg"]
[Black "dmichael"]
[Result "1/2-1/2"]
[WhiteCountry "HUN"]
[BlackCountry "USA"]
[WhiteElo "2360"]
[WhiteRD "67"]
[BlackElo "2406"]
[BlackRD "70"]
[GameID "97955"]

1. e4 e5 2. Nf3 Nc6 3. Bb5 a6 4. Ba4 Nf6 5. O-O Be7 6. Qe2 b5 7. Bb3 O-O 8. c3 d5 9. d3 Re8 10. Nbd2 Bf8
11. a3 h6 12. exd5 Nxd5 13. Ne4 Be6 14. Qc2 Qd7 15. Re1 Rad8 16. a4 Nb6 17. axb5 axb5 18. Rd1 Bxb3 19. Qxb3 Qd5 20. Qxd5 Rxd5
21. g4 Red8 22. Ne1 Nc4 23. b4 Nd6 24. f3 Nxe4 25. fxe4 R5d6 26. Kg2 Be7 27. Ra6 Bg5 28. Bxg5 hxg5 29. Nf3 f6 30. Rda1 Kf7
31. Kf2=
1/2-1/2

[Event "Spanish High"]
[Site "SchemingMind.com"]
[Date "2007.03.26"]
[Round "-"]
[White "Glenn119"]
[Black "dmichael"]
[Result "0-1"]
[WhiteCountry "USA"]
[BlackCountry "USA"]
[WhiteElo "1689"]
[WhiteRD "60"]
[BlackElo "2360"]
[BlackRD "71"]
[GameID "97956"]

1. e4 e5 2. Nf3 Nc6 3. Bb5 a6 4. Ba4 Nf6 5. d4 exd4 6. O-O Be7 7. e5 Ne4 8. Bxc6 dxc6 9. Qxd4 Bf5 10. Nc3 Nc5
11. Be3 Bxc2 12. Qg4 Bg6 13. Bxc5 Bxc5 14. Rad1 Qe7 15. Ne4 Bxe4 16. Qxe4 O-O 17. Rd3 Rad8 18. Rfd1 Bb6 19. a3 Rxd3 20. Qxd3 Re8
21. h3 f6 22. Qc4+ Qf7 23. Qxf7+ Kxf7 24. Rd7+ Re7 25. Rxe7+ Kxe7 26. exf6+ Kxf6 27. b3 Ke6 28. Ng5+ Kd5 29. Nxh7 Kd4
0-1